|
|
|
|
| LEADER |
01606nam a2200457 a 4500 |
| 001 |
nkc20112225377 |
| 003 |
CZ PrNK |
| 005 |
20111114084415.0 |
| 007 |
ta |
| 008 |
110915s2011 xr a e f 000 0 cze |
| 015 |
|
|
|a cnb002225377
|
| 020 |
|
|
|a 978-80-86230-54-2
|q (brož.)
|
| 035 |
|
|
|a (OCoLC)761169649
|
| 040 |
|
|
|a OLA001
|b cze
|d ABA001
|
| 072 |
|
7 |
|a 621.3
|x Elektrotechnika
|2 Konspekt
|9 19
|
| 080 |
|
|
|a 621.3-1
|2 MRF
|
| 080 |
|
|
|a 621.313
|2 MRF
|
| 080 |
|
|
|a 621.316.9
|2 MRF
|
| 080 |
|
|
|a (035)
|2 MRF
|
| 100 |
1 |
|
|a Kříž, Michal
|7 jn20001227501
|4 aut
|
| 245 |
1 |
0 |
|a Dimenzování a jištění elektrických zařízení - tabulky a příklady /
|c Michal Kříž
|
| 250 |
|
|
|a 3., aktualiz. vyd.
|
| 260 |
|
|
|a Praha :
|b IN-EL,
|c 2011
|
| 300 |
|
|
|a 224 s. :
|b il. ;
|c 21 cm
|
| 490 |
1 |
|
|a Elektro ;
|v sv. 87
|
| 504 |
|
|
|a Obsahuje bibliografii
|
| 650 |
0 |
7 |
|a elektrická zařízení
|7 ph114437
|2 czenas
|
| 650 |
0 |
7 |
|a elektrické spotřebiče
|7 ph119858
|2 czenas
|
| 650 |
0 |
7 |
|a proudové chrániče
|7 ph135323
|2 czenas
|
| 650 |
0 |
9 |
|a electric equipment
|2 eczenas
|
| 650 |
0 |
9 |
|a electric apparatus and appliances
|2 eczenas
|
| 650 |
0 |
9 |
|a fuses
|2 eczenas
|
| 655 |
|
7 |
|a příručky
|7 fd133209
|2 czenas
|
| 655 |
|
9 |
|a handbooks and manuals
|2 eczenas
|
| 830 |
|
0 |
|a Elektro (IN-EL)
|0 s
|
| 910 |
2 |
|
|a BOA001
|b 2-1273.139
|
| 990 |
|
|
|a BK
|
| 995 |
|
|
|a 01
|
| 991 |
|
|
|b 201110
|c NOV
|j 621.3 KŘÍ
|e n
|
| 996 |
6 |
|
|b 2610490076
|c 2-1273.139
|l MZK
|r Sklad / do 1 hodiny
|n 0
|p p.v.
|w 001204556
|u 000010
|a 1
|e BOA001
|j MZK50
|s P
|
| 996 |
7 |
|
|b 2610493406
|c 2-1273.139
|l MZK
|r Sklad / do 1 hodiny
|n 15
|p kup
|w 001204556
|u 000020
|a 1
|e BOA001
|j MZK50
|s A
|